000 00334nam a2200145Ia 4500
008 230312s9999||||xx |||||||||||||| ||und||
020 _a0-87857-570-7
082 _a613.04244
_bBRI-S
100 _aBrien;jerry
245 0 _aStay Fit & healthy
260 _bDave barry
_aUS
_c1985
300 _a80
650 _aLiterature
942 _cBK
999 _c1212
_d1212